Cuba : (Record no. 7506)
[ view plain ]
| 000 -LEADER | |
|---|---|
| fixed length control field | 00501nam a22001817a 4500 |
| 003 - CONTROL NUMBER IDENTIFIER | |
| control field | AR-FvUNAJ |
| 005 - DATE AND TIME OF LATEST TRANSACTION | |
| control field | 20220328184610.0 |
| 008 - FIXED-LENGTH DATA ELEMENTS--GENERAL INFORMATION | |
| fixed length control field | 220328b ||||| |||| 00| 0 spa d |
| 040 ## - CATALOGING SOURCE | |
| Transcribing agency | AR-FvUNAJ |
| 082 14 - DEWEY DECIMAL CLASSIFICATION NUMBER | |
| Edition number | 14 |
| Classification number | 335.6 |
| 100 1# - MAIN ENTRY--PERSONAL NAME | |
| 9 (RLIN) | 14147 |
| Personal name | Segre, Roberto |
| 245 10 - TITLE STATEMENT | |
| Title | Cuba : |
| Remainder of title | arquitectura de la revolución / |
| 260 ## - PUBLICATION, DISTRIBUTION, ETC. (IMPRINT) | |
| Place of publication, distribution, etc | Barcelona: |
| Name of publisher, distributor, etc | Gustavo Gili, |
| Date of publication, distribution, etc | 1970 |
| 300 ## - PHYSICAL DESCRIPTION | |
| Extent | 221 p. |
| 440 ## - SERIES STATEMENT/ADDED ENTRY--TITLE | |
| 9 (RLIN) | 14146 |
| Title | Colección Arquitectura y Crítica |
| 650 24 - SUBJECT ADDED ENTRY--TOPICAL TERM | |
| 9 (RLIN) | 8858 |
| Topical term or geographic name as entry element | REVOLUCION CUBANA |
| 942 ## - ADDED ENTRY ELEMENTS (KOHA) | |
| Source of classification or shelving scheme | Dewey Decimal Classification |
| Koha item type | Libro, folleto, traducción |
| 980 ## - EQUIVALENCE OR CROSS-REFERENCE-SERIES STATEMENT--PERSONAL NAME/TITLE [LOCAL, CANADA] | |
| Linkage | 19226 |
| Personal name | Palazón Marcela |
| Field link and sequence number | 19226 |
| Miscellaneous information | Palazón Marcela |
| Withdrawn status | Lost status | Source of classification or shelving scheme | Damaged status | Not for loan | Home library | Current library | Date acquired | Full call number | Barcode | Date last seen | Price effective from | Koha item type |
|---|---|---|---|---|---|---|---|---|---|---|---|---|
| Dewey Decimal Classification | Consultar Disponibilidad | Biblioteca Central | DEPOSITO | 28/03/2022 | 335.6 SEG | UNAJ22030073 | 28/03/2022 | 28/03/2022 | Libro, folleto, traducción |